Central Library OPAC University of Rajshahi
Normal view MARC view

Entry Uniform Title

Number of records used in: 15

001 - CONTROL NUMBER

  • control field: 7461

003 - CONTROL NUMBER IDENTIFIER

  • control field: BD-RjUL

005 - DATE AND TIME OF LATEST TRANSACTION

  • control field: 20230515150916.0

008 - FIXED-LENGTH DATA ELEMENTS

  • fixed length control field: 230515|| aca||aabn | a|a d

040 ## - CATALOGING SOURCE

  • Original cataloging agency: BD-RjUL
  • Transcribing agency: BD-RjUL

130 ## - HEADING--UNIFORM TITLE

  • Uniform title: Edinburgh studies in global ethics

670 ## - SOURCE DATA FOUND

  • Source citation: Work cat.: (BD-RjUL)81386: Attfield, Robin 7457, Ethics of the global environment /